000 00216nam a2200097Ia 4500
008 220204s9999 xx 000 0 und d
082 _a82-3
_bJOH
100 _aJohns, W E
245 0 _aBiggles flies north
942 _cBK
999 _c32217
_d32217